| 000 | nam a22 7a 4500 | ||
|---|---|---|---|
| 999 |
_c330550 _d330550 |
||
| 003 | NUST | ||
| 005 | 20170719165841.0 | ||
| 008 | 170719b xxu||||| |||| 00| 0 eng d | ||
| 020 | _a9783527408047 | ||
| 040 | _c0 | ||
| 082 | _a621.042 WEN | ||
| 245 |
_aRenewable Energy: _bSustainable Energy Concepts for the Future _cEditors...Roland Wengenmayr, Thomas Buhrke |
||
| 260 |
_aGermany _bWeinheim _c2008 |
||
| 300 | _a118p. | ||
| 500 | _aH.B | ||
| 942 |
_2ddc _cBK _kIESE |
||